Language Of Architecture: 26 Principles Every Architect Should Know (Record no. 357707)
[ view plain ]
| 000 -LEADER | |
|---|---|
| fixed length control field | 00548nam a22001817a 4500 |
| 005 - DATE AND TIME OF LATEST TRANSACTION | |
| control field | 20240408162707.0 |
| 008 - FIXED-LENGTH DATA ELEMENTS--GENERAL INFORMATION | |
| fixed length control field | 240408b |||||||| |||| 00| 0 eng d |
| 020 ## - INTERNATIONAL STANDARD BOOK NUMBER | |
| International Standard Book Number | 9781592 538584 |
| 041 ## - LANGUAGE CODE | |
| Language code of text/sound track or separate title | ENG |
| 082 ## - DEWEY DECIMAL CLASSIFICATION NUMBER | |
| Classification number | 720 |
| Item number | SIM |
| 100 ## - MAIN ENTRY--PERSONAL NAME | |
| Author | Simitch A. And Warke V. |
| 245 ## - TITLE STATEMENT | |
| Title | Language Of Architecture: 26 Principles Every Architect Should Know |
| 260 ## - PUBLICATION, DISTRIBUTION, ETC. | |
| Place of publication, distribution, etc. | USA |
| Name of publisher, distributor, etc. | The Quarto Group |
| Date of publication, distribution, etc. | 2014 |
| 300 ## - PHYSICAL DESCRIPTION | |
| Extent | 224p |
| Other physical details | Pb |
| Dimensions | 25.5 x 20 |
| 365 ## - TRADE PRICE | |
| Price type code | INR |
| Price amount | 3624.60 |
| Currency code | 2500.97 |
| 500 ## - GENERAL NOTE | |
| Keywords | Concept<br/>Representation<br/>Program<br/>Context |
| 942 ## - ADDED ENTRY ELEMENTS (KOHA) | |
| Koha item type | DS Books |
| Withdrawn status | Lost status | Source of classification or shelving scheme | Damaged status | Not for loan | Home library | Current library | Date acquired | Vendor | Budget Code | Net Price | Bill number | Total Checkouts | Full call number | Barcode | Date last seen | Discount | Actual Price | Bill Date | Koha item type |
|---|---|---|---|---|---|---|---|---|---|---|---|---|---|---|---|---|---|---|---|
| Dewey Decimal Classification | Dr. Bhanuben Nanavati College of Architecture | Dr. Bhanuben Nanavati College of Architecture | 08/04/2024 | Metro Books | B D s | 3624.60 | 2701 | 720 SIM | BNCA-DS-46 | 08/04/2024 | 31% | 2500.97 | 14/03/2024 | DS Books |